000 nam a22 7a 4500
999 _c19305
_d19305
008 170116b xxu||||| |||| 00| 0 eng d
020 _a9781308435992
020 _a1308435992
050 _aHF5549
_b.T7M33 2015
100 _aMcCarthy,Vikkie
245 _aTraining and Development PTMA 4800/
_cVikkie McCarthy
260 _aNew York :
_bMcGraw-Hill Education,
_cc2015
300 _axix,467p. :
_bill. ;
500 _aincludes index.
942 _2lcc
_cBOOKS
_hHF5549 .T7M33 2015